Πείνα και αφθονία στην Ευρώπη
Αποθηκεύτηκε σε:
| Κύριος συγγραφέας: | |
|---|---|
| Άλλοι συγγραφείς: | , |
| Μορφή: | Βιβλίο |
| Γλώσσα: | Greek Italian |
| Δημοσίευση: |
Αθήνα :
Ελληνικά Γράμματα,
1997.
|
| Σειρά: | Η διαμόρφωση της Ευρώπης ;
2 |
| Θέματα: | |
| Ετικέτες: |
Προσθήκη ετικέτας
Δεν υπάρχουν, Καταχωρήστε ετικέτα πρώτοι!
|
MARC
| LEADER | 00000cam a2200000 i 4500 | ||
|---|---|---|---|
| 001 | 1/12505 | ||
| 008 | 971010s1997 gr | ||| |||| ||gre|| | ||
| 020 | |a 960344306- (pbk) | ||
| 035 | |1 ΠΑΡ |a 1997 |l 10018656 | ||
| 040 | |a GR-MyUA |b gre |e AACR2 | ||
| 041 | 1 | |a gre |h ita | |
| 082 | 0 | |a 394.1094 | |
| 100 | 1 | |a Montanari, Massimo |d 1949- | |
| 245 | 1 | 0 | |a Πείνα και αφθονία στην Ευρώπη / |c Massimo Montanari ; μετάφραση Αννα Παπασταύρου ; επιμέλεια Μαρία Αποστολοπούλου. |
| 260 | |a Αθήνα : |b Ελληνικά Γράμματα, |c 1997. | ||
| 300 | |a 362 σ. | ||
| 490 | 1 | |a (Η διαμόρφωση της Ευρώπης |v ; 2) | |
| 500 | |a Τίτλος πρωτοτύπου: La fame e L'Abbondanza Storia dell'Alimentazione in Europa. | ||
| 504 | |a Περιέχει βιβλιογραφία. | ||
| 650 | 0 | 0 | |a Food |x History. |
| 650 | 0 | 0 | |a Food habits |z Europe. |
| 651 | 0 | |a Europe |x Social life and customs. | |
| 700 | 1 | |a Αποστολοπούλου, Μαρία, |e edtf | |
| 700 | 1 | |a Παπασταύρου, Άννα, |e trlf | |
| 830 | 0 | |a Η διαμόρφωση της Ευρώπης ; |v 2 | |
| 852 | |a INST |b LEMNOS |e 20110321 |h 394.1094 ΜΟΝ |p 005600000577 |q 005600000577 |t BK |y 0 | ||
| 852 | |a INST |b LESVOS |e 19971010 |h 394.1094 ΜΟΝ |p 005100015543 |q 005100015543 |t BK |y 0 | ||
| 852 | |a INST |b RHODES |e 19980526 |h 394.1094 MON |p 005400006669 |q 005400006669 |t BK |y 0 | ||
| 901 | |a BIBL-1998-2 | ||
| 901 | |a BIBL6-2011-1 | ||
| 909 | |a Λ |b 051017 | ||
| 909 | |a Ρ |b 053573 | ||
| 909 | |a Μ |b 160947 | ||
| 922 | |a 1ΔΩΡ |b 199710 |c ΤΚΑ | ||
| 922 | |a 4ΕΛΗ |b 199801 |c ΚΠΣ/ΔΕ |d EMVASIS | ||